• 首页
  • 本馆介绍
  • 公告通知
  • 最新文献
  • 馆藏检索
  • 电子资源
  • 读者导购
  • 参考咨询
  • 我的图书馆
  • 登录
  • 详细信息显示
  • 放入我的书架
  • 预约/预借图书
  • 作者相关作品
  • 分类相关作品
  • 丛书相关作品
  • 出版社相关作品

书目信息

  • 表格格式
  • 工作单格式
  • 卡片格式
题名:
城市水域景观分析及其治理研究
    
 
作者: 杨竹莘 , 全华 著
分册:  
出版信息: 北京   法律出版社  2009.09
页数: 218页
开本: 21cm
丛书名: 华东政法大学复校三十周年庆典文丛
单 册:
中图分类: X52
科图分类:
主题词: 水域--城市景观--分析--上海市 , 城市--水域--水污染防治--上海市 , 水域 , 城市景观 , 城市 , 水污染防治
电子资源:
ISBN: 978-7-5036-9902-3
000 01177oam2 2200325 450
001 010800017222
005 20130701094813.35
010    @a978-7-5036-9902-3@dCNY28.00
100    @a20091118d2009 em y0chiy0110 ea
101 0  @achi
102    @aCN@b110000
105    @aak z 000yy
106    @ar
200 1  @a城市水域景观分析及其治理研究@9cheng shi shui yu jing guan fen xi ji qi zhi li yan jiu@f杨竹莘,全华著
210    @a北京@c法律出版社@d2009.09
215    @a218页@c图@d21cm
225 2  @a华东政法大学复校三十周年庆典文丛
330    @a本书在实地考察上海市水域景观的基础上,结合国内外水域景观治理经验,全面分析了上海市水域景观的类型构成、空间结构、存在的主要问题。针对2010年上海世博会,提出了上海市水域景观的重要性空间分异及其治理的时空结构。
461  0 @12001 @a华东政法大学复校三十周年庆典文丛
606 0  @a水域@x城市景观@x分析@y上海市
606 0  @a城市@x水域@x水污染防治@y上海市
606 0  @a水域
606 0  @a城市景观
606 0  @a城市
606 0  @a水污染防治
690    @aX52@v4
701  0 @a杨竹莘@9yang zhu xin@f(1965~)@4著
701  0 @a全华@9quan hua@f(1965~)@4著
801  0 @aCN@bRENTIAN@c20091118
905    @b544878-82@dX52@e124@f5
    
    城市水域景观分析及其治理研究/杨竹莘,全华著.-北京:法律出版社,2009.09
    218页:图;21cm.-(华东政法大学复校三十周年庆典文丛 )
    
    
    ISBN 978-7-5036-9902-3:CNY28.00
    本书在实地考察上海市水域景观的基础上,结合国内外水域景观治理经验,全面分析了上海市水域景观的类型构成、空间结构、存在的主要问题。针对2010年上海世博会,提出了上海市水域景观的重要性空间分异及其治理的时空结构。
●
相关链接 在E读中查询图书 在五车中查询图书 在当当中查询图书 在豆瓣中查询图书


正题名:城市水域景观分析及其治理研究     索取号:X52/124         预约/预借

序号 登录号 条形码 馆藏地/架位号 状态 备注
1 544878   205448782   第二样本阅览室/ [索取号:X52/124] 在馆    
2 544879   205448791   第三借阅区/ [索取号:X52/124] 在馆    
3 544880   205448808   资源管理系资料室/ [索取号:X52/124] 在馆    
4 544881   205448817   第三借阅区/ [索取号:X52/124] 在馆    
5 544882   205448826   第三借阅区/ [索取号:X52/124] 在馆    
唐山师范学院图书馆 欢迎您!
大连网信软件有限公司© 版权所有